000
00284nam a22000977a 4500
008
250708b |||||||| |||| 00| 0 eng d
020
_a
9789353041069
100
_a
Bhattacharya Abhirup
_9
7820
245
_a
Winning Like Sourav Think & Succeed Like Ganguly
260
_a
New Delhi
_b
Rupa
_c
2018
999
_c
12766
_d
12766